00944 2200349 4500001002100000005001500021035002000036007000300056040001600059100003000075245003900105250001400144300003800158020002200196041000800218082000800226084001400234090001900248264004700267336002100314337003000335338002300365650001300388850001000401008004100411700002800452504002500480500002000505990002300525990002300548990002300571INLIS00000000000476720260523111239 a0010-0122000399ta aSPBUPDbind0 aDina AlfiyantiePengarang1 aMengenal Pahlawan Nasional Jilid 1 a.-Cet. 13 ax, 166 hal. :billus. ;c25x17 cm a978-602-7596-71-9 aind a900 a900 DIN m a900 DIN m 25-1 a.--Jakarta :bEsensi Erlangga Group,c2022 2rdacontentaTeks 2rdamediaaTanpa Perantara 2rdacarrieraVolume 4aPahlawan aPUPAD260523 0  aAlwi KosasihePengarang abibliografi, 158 hlm aindeks, hlm 160 a36.036/BR/DPK/2021 a36.038/Br/DPK/2021 a36.037/BR/DPK/2021